<?xml version="1.0" encoding="UTF-8"?>
<collection xmlns="http://www.loc.gov/MARC21/slim">
 <record>
  <leader>01242cam a22003012 a4500</leader>
  <controlfield tag="001">1453980199</controlfield>
  <controlfield tag="003">DE-627</controlfield>
  <controlfield tag="005">20220531141435.0</controlfield>
  <controlfield tag="007">tu</controlfield>
  <controlfield tag="008">130625m19859999xx |||||      00| ||und c</controlfield>
  <datafield tag="020" ind1=" " ind2=" ">
   <subfield code="a">3806204446</subfield>
   <subfield code="9">3-8062-0444-6</subfield>
  </datafield>
  <datafield tag="035" ind1=" " ind2=" ">
   <subfield code="a">(DE-627)1453980199</subfield>
  </datafield>
  <datafield tag="035" ind1=" " ind2=" ">
   <subfield code="a">(DE-576)383980194</subfield>
  </datafield>
  <datafield tag="035" ind1=" " ind2=" ">
   <subfield code="a">(DE-599)BSZ383980194</subfield>
  </datafield>
  <datafield tag="040" ind1=" " ind2=" ">
   <subfield code="a">DE-627</subfield>
   <subfield code="b">ger</subfield>
   <subfield code="c">DE-627</subfield>
   <subfield code="e">rakwb</subfield>
  </datafield>
  <datafield tag="245" ind1="1" ind2="0">
   <subfield code="a">Ausgrabungen in Niedersachsen</subfield>
   <subfield code="b">archäologische Denkmalpflege 1979-1984</subfield>
   <subfield code="c">hrsg. von d. Archäolog. Denkmalpflege im Inst. für Denkmalpflege, Niedersächs. Landesverwaltungsamt, durch Klemens Wilhelmi</subfield>
  </datafield>
  <datafield tag="246" ind1="3" ind2="0">
   <subfield code="a">Ausgrabungen 1979-1984</subfield>
  </datafield>
  <datafield tag="264" ind1=" " ind2="1">
   <subfield code="a">Stuttgart</subfield>
   <subfield code="b">Theiss</subfield>
   <subfield code="c">1985</subfield>
  </datafield>
  <datafield tag="300" ind1=" " ind2=" ">
   <subfield code="a">2 Bde</subfield>
  </datafield>
  <datafield tag="336" ind1=" " ind2=" ">
   <subfield code="a">Text</subfield>
   <subfield code="b">txt</subfield>
   <subfield code="2">rdacontent</subfield>
  </datafield>
  <datafield tag="337" ind1=" " ind2=" ">
   <subfield code="a">ohne Hilfsmittel zu benutzen</subfield>
   <subfield code="b">n</subfield>
   <subfield code="2">rdamedia</subfield>
  </datafield>
  <datafield tag="338" ind1=" " ind2=" ">
   <subfield code="a">Band</subfield>
   <subfield code="b">nc</subfield>
   <subfield code="2">rdacarrier</subfield>
  </datafield>
  <datafield tag="490" ind1="0" ind2=" ">
   <subfield code="a">Berichte zur Denkmalpflege in Niedersachsen</subfield>
   <subfield code="v">Beiheft 1</subfield>
  </datafield>
  <datafield tag="700" ind1="1" ind2=" ">
   <subfield code="a">Wilhelmi, Klemens</subfield>
   <subfield code="e">Hrsg.</subfield>
   <subfield code="0">(DE-588)116025981X</subfield>
   <subfield code="0">(DE-627)1023409313</subfield>
   <subfield code="0">(DE-576)163569967</subfield>
   <subfield code="4">edt</subfield>
  </datafield>
  <datafield tag="710" ind1="2" ind2=" ">
   <subfield code="a">Institut für Denkmalpflege</subfield>
   <subfield code="g">Hannover</subfield>
   <subfield code="b">Dezernat Archäologische Denkmalpflege</subfield>
   <subfield code="0">(DE-588)2081232-2</subfield>
   <subfield code="0">(DE-627)100060366</subfield>
   <subfield code="0">(DE-576)192249819</subfield>
   <subfield code="4">oth</subfield>
  </datafield>
  <datafield tag="951" ind1=" " ind2=" ">
   <subfield code="a">MC</subfield>
  </datafield>
  <datafield tag="991" ind1=" " ind2=" ">
   <subfield code="a">Rezensiertes Werk</subfield>
  </datafield>
  <datafield tag="999" ind1=" " ind2=" ">
   <subfield code="a">KXP-PPN1453980199</subfield>
   <subfield code="e">4184355447</subfield>
  </datafield>
 </record>
</collection>
